Exploring Factors Influencing the Czech Employees' Earnings
Skúmanie rozdielov v zárobkoch zamestnancov na základe rôznych premenných, ako sú pohlavie, úroveň vzdelania, úroveň zručností v profesii, roky skúseností, atď. Z hlavných zistení vyplýva, že najvyššie zárobky sú pozorované u manažérov a najnižšie medzi najmenej kvalifikovanými povolaniami. Článok p...
Guardado en:
| Autor principal: | |
|---|---|
| Formato: | Capítulo de libro |
| Lenguaje: | inglés |
| Materias: | |
| Etiquetas: |
Sin Etiquetas, Sea el primero en etiquetar este registro!
|
MARC
| LEADER | 00000naa a2200000 4500 | ||
|---|---|---|---|
| 001 | 0290595 | ||
| 005 | 20230127124119.4 | ||
| 041 | 0 | |a eng | |
| 044 | |a CZ | ||
| 245 | 1 | 0 | |a Exploring Factors Influencing the Czech Employees' Earnings |c Ondřej Dvouletý |
| 520 | |a Skúmanie rozdielov v zárobkoch zamestnancov na základe rôznych premenných, ako sú pohlavie, úroveň vzdelania, úroveň zručností v profesii, roky skúseností, atď. Z hlavných zistení vyplýva, že najvyššie zárobky sú pozorované u manažérov a najnižšie medzi najmenej kvalifikovanými povolaniami. Článok poskytuje pohľad na faktory určujúce zárobky českých zamestnancov na základe údajov získaných z Európskych prieskumov pracovných podmienok (EWCS) z rokov 2010 a 2015. | ||
| 610 | 2 | 0 | |a trh práce |
| 610 | 2 | 0 | |a zamestnanci |
| 610 | 2 | 0 | |a mzdy |
| 610 | 2 | 0 | |a zárobky |
| 610 | 2 | 0 | |a príjmy pracovné |
| 610 | 2 | 0 | |a podmienky pracovné |
| 610 | 2 | 0 | |a diskriminácia pracovná |
| 610 | 2 | 0 | |a vzdelanie |
| 610 | 2 | 0 | |a zručnosti |
| 610 | 2 | 0 | |a kvalifikácia |
| 610 | 2 | 0 | |a Česko |
| 100 | 1 | |a Dvouletý, Ondřej | |